Sports Quiz

Random Sports or College Quiz

All FBS College Football Teams Quiz Stats

 Plays Quiz Updated Aug 27, 2018

Score 0/130 Timer 12:00
12 Plays Today
Conference Team/School % Correct
SoutheasternFlorida
94.5%
Big 12Texas
93.7%
SoutheasternAlabama
93.7%
Mid-AmericanOhio
93.5%
SoutheasternGeorgia
93.3%
Big TenMichigan
93.3%
ACCFlorida St
93%
Big TenOhio St
92.5%
Big TenMichigan St
92.1%
ACCNorth Carolina
91.9%
ACCClemson
90.5%
Pacific-12Oregon
89.5%
ACCMiami, FL
89%
SoutheasternLSU
89%
IndependentNotre Dame
89%
Mid-AmericanMiami, OH
88.9%
SoutheasternMississippi
88.8%
Pacific-12USC
88.6%
Big 12Oklahoma
88.4%
Big TenIowa
88.4%
ACCVirginia
88.2%
Big TenPenn St
88.1%
Pacific-12Washington
88%
SoutheasternSouth Carolina
87.5%
SoutheasternKentucky
87.5%
SoutheasternTexas A&M
87.3%
ACCDuke
87.1%
Pacific-12UCLA
87%
Big TenWisconsin
87%
Big 12Oklahoma St
86.8%
SoutheasternTennessee
86.5%
SoutheasternMississippi St
86.4%
Pacific-12Oregon St
86.4%
Pacific-12Washington St
86.2%
SoutheasternAuburn
86.2%
Pacific-12Arizona
86%
ACCVirginia Tech
85.6%
SoutheasternArkansas
85.5%
Big 12Kansas
85.5%
Big 12Texas Tech
85.3%
Big TenNebraska
85%
Pacific-12Arizona St
85%
ACCGeorgia Tech
84.8%
Big TenIndiana
84.7%
Conference Team/School % Correct
Big TenIllinois
84.5%
IndependentArmy
84.4%
ACCNorth Carolina St
84.2%
Pacific-12Colorado
83.7%
American AthleticNavy
83.5%
Big TenMaryland
83.2%
Big 12Kansas St
82.9%
SoutheasternMissouri
82.8%
Big TenMinnesota
82.7%
ACCBoston College
82.7%
Pacific-12California Berkeley
82.4%
Big TenRutgers
82.3%
Pacific-12Utah
82.1%
Big 12Iowa St
82.1%
Pacific-12Stanford
81.2%
Big 12West Virginia
81.1%
Big 12TCU
81%
ACCSyracuse
80.7%
SoutheasternVanderbilt
80.6%
Big TenPurdue
80.2%
ACCPittsburgh
80%
Big TenNorthwestern
79.8%
Big 12Baylor
79.7%
ACCLouisville
78.8%
Mountain WestBoise St
77.9%
Mountain WestAir Force
77.3%
IndependentBrigham Young
77.3%
ACCWake Forest
76.5%
Mountain WestColorado St
75.4%
American AthleticCentral Florida
75.1%
Mountain WestNew Mexico
74%
American AthleticSouth Florida
72.6%
Mountain WestUtah St
70.6%
Mid-AmericanWestern Michigan
69.5%
Mountain WestWyoming
69.1%
American AthleticConnecticut
69%
American AthleticHouston
68.8%
Mountain WestNevada
68.5%
Mid-AmericanEastern Michigan
67.8%
IndependentNew Mexico St
67.8%
Mountain WestSan Diego St
66.8%
Mountain WestUNLV
66.6%
Mid-AmericanCentral Michigan
66.6%
American AthleticMemphis
65.7%
Conference Team/School % Correct
American AthleticTulane
63.7%
Mountain WestHawaii
63.5%
American AthleticCincinnati
62.8%
Mid-AmericanAkron
62.8%
American AthleticTemple
62.6%
Conference USAFlorida Atlantic
62.5%
Conference USATexas-El Paso
62.3%
IndependentMassachusetts
61.8%
American AthleticTulsa
61.6%
Mid-AmericanToledo
61.3%
Sun BeltGeorgia St
61.1%
Conference USAFlorida International
61%
American AthleticSouthern Methodist
60.9%
Sun BeltArkansas St
60.6%
American AthleticEast Carolina
59%
Mid-AmericanBuffalo
58.7%
Conference USAMarshall
58.7%
Mid-AmericanBowling Green
58.4%
Mountain WestFresno St
58.4%
Conference USARice
58.3%
Sun BeltTexas St
58.1%
Mid-AmericanNorthern Illinois
58%
Mountain WestSan Jose St
57.8%
Sun BeltLA-Lafayette
57.1%
Conference USALouisiana Tech
56.6%
Conference USAWestern Kentucky
56.4%
Conference USANorth Texas
56.3%
Sun BeltLA-Monroe
55.9%
Conference USATexas-San Antonio
54.7%
Mid-AmericanBall St
54.1%
Mid-AmericanKent St
53.4%
Conference USAAlabama-Birmingham
52.8%
Sun BeltTroy
52.5%
Conference USAMiddle Tennessee St
52.3%
Sun BeltGeorgia Southern
52.2%
Conference USASouthern Miss
51.7%
Sun BeltAppalachian St
47.7%
Conference USACharlotte
47.5%
IndependentLiberty
47.1%
Sun BeltSouth Alabama
46.7%
Conference USAOld Dominion
43.8%
Sun BeltCoastal Carolina
41.9%

You're not logged in!

Compare scores with friends on all Sporcle quizzes.
OR
Log In

Show Comments

Extras

Top Quizzes Today


Score Distribution

Your Account Isn't Verified!

In order to create a playlist on Sporcle, you need to verify the email address you used during registration. Go to your Sporcle Settings to finish the process.

Report this User

Report this user for behavior that violates our Community Guidelines.

Details: